Normal view
MARC view
- Mejía Rosales, Nadia Patricia
Entry Nombre Personal
001 - NUMERO DE CONTROL
- campo de control: 59569
003 - IDENTIFICADOR DE NUMERO DE CONTROL
- campo de control: UPN
005 - FECHA Y HORA DE LA ÜLTIMA TRANSACCIÓN
- campo de control: 20260519113145.0
008 - DATOS DE LONGITUD FIJA
- campo de control de longitud fija: 260519|| acz||aabn | a|a d
024 ## - OTROS IDENTIFICADORES NORMALIZADOS
- Fuente: orcid
- Número normalizado o código: https://orcid.org/0000-0002-2916-3079
040 ## - FUENTE DE CATALOGACIÓN
- Agencia original de catalogación: MX-MxUPN
100 1# - ENCABEZAMIENTO - NOMBRE PERSONAL
- Nombre personal: Mejía Rosales, Nadia Patricia
370 ## - LUGAR ASOCIADO
- Place of birth: Durango, México
372 ## - CAMPO DE ACTIVIDAD
- Field of activity: Cognición docente, formación de docentes de segundas lenguas, teoría sociocultural
- Field of activity: Docencia
373 ## - GRUPO ASOCIADO
- Associated group: Universidad Juárez del Estado de Durango
374 ## - OCUPACIÓN
- Occupation: Doctora en lenguas modernas
- Occupation: Profesora universitaria
670 ## - FUENTE EN LA QUE SE LOCALIZARON DATOS
- Cita de la fuente: En recurso en línea: Investigación educativa duranguense, Vol. 27 no. 26, (2026):
- Información localizada: página 11 (Nadia Patricia Mejía Rosales)
- Uniform Resource Identifier: https://editorialupd.mx/revistas/index.php/ined/article/view/237/291
902 ## - CATALOGADOR
- Catalogador: RGJD/190526
